LEADER 00915nam a2200217 i 4500 001 000000232010 003 CaOOAMICUS 005 20140818000000.0 008 140818s1958 it u000 u eng u 013 $a210913 040 $aSeMil$bita 100 1 $aDavies, William David,$d<1911-2001>.$0(OLS)http://semarc/name/349 245 10$aPaul and rabbinic judaism :$bsome rabbinic elements in pauline theology /$cby W. D. Davies. 260 $aLondon :$bSPCK,$c1958. 300 $aVI, 392 p. ;$c22 cm. 500 $aContiene : Bibliography. 650 4$aBibbia - NT - Paolo - Rabbinismo.$0(OLS)http://semarc/subject/41483 850 $aSeMil 852 $aSeMil$W1$xVenegono$y1$m2Z III 65$j182356$B182356$CSeMilBibl$Z2$F193376 $81 996 $6245$aPaul and rabbinic judaism :$bsome rabbinic elements in pauline theology$9(OLS)http://semarc/title/214444 996 $6260$aLondon :$bSPCK$9(OLS)http://semarc/publisher/31034 LEADER 01025nam a2200229 i 4500 001 000000075156 003 CaOOAMICUS 005 20250903093845.0 008 110527s1821 it u000 u ita u 013 $a46328 026 $amia- dine des- rivi (3) 1821 (R) 040 $aSeMil$bita 245 10$aVol. 1. 300 $a[8], 612 p., [2] carte di tav. :$binc. 500 $aAntip. e altro front. incisi da Lasinio figlio su disegno di Fr. Nenci. 700 1 $aNenci, Francesco .$0(OLS)http://semarc/name/37134 700 1 $aLasinio, Giovanni Paolo .$0(OLS)http://semarc/name/37133 773 0 $aAlfieri, Vittorio <1749-1803>$tTragedie di Vittorio Alfieri da Asti.$dFirenze : presso Giuseppe Molini, All'insegna di Dante, 1821.$kBiblioteca italiana portatile in verso ed in prosa$g1$w()25026 850 $aSeMil 852 $aSeMil$W1$xVenegono$y1$m1E II 18 FA$j41308$B41308$CSeMilBibl$Z2$F41312 $8I 996 $6245$aVol. 1$9(OLS)http://semarc/title/13429